[Event "CHI-chT"]
[Site "Santiago de Chile"]
[Date "2007.12.11"]
[Round "9"]
[White "Montero Martinez, Cristian"]
[Black "Henriquez, Arturo"]
[Result "1-0"]
[WhiteElo "2213"]
[BlackElo "2098"]
[PlyCount "101"]
[EventDate "2007.10.16"]
[EventType "team-tourn"]
[EventRounds "9"]
[EventCountry "CHI"]
[SourceTitle "EXT 2012"]
[Source "ChessBase"]
[SourceDate "2011.11.24"]
[SourceVersion "1"]
[SourceVersionDate "2011.11.24"]
[SourceQuality "1"]

1. c4 c6 2. b3 d5 3. e3 Bf5 4. Bb2 e6 5. Nf3 Nf6 6. Be2 h6 7. d3 Qa5+ 8. Nbd2 Nbd7 9. 0-0 Ba3 10. Qc1 Bxb2 11. Qxb2 0-0 12. b4 Qc7 13. Rfc1 Rac8 14. a4 Qd8 15. a5 Re8 16. Ne5 Nxe5 17. Qxe5 Qe7 18. Nf3 Bg4 19. Rab1 Bxf3 20. gxf3 Nd7 21. Qc3 Qf6 22. f4 Qxc3 23. Rxc3 e5 24. cxd5 cxd5 25. Rxc8 Rxc8 26. Bg4 Rc7 27. Bxd7 Rxd7 28. fxe5 Rc7 29. Kg2 Rc3 30. d4 Kf8 31. h4 Ke7 32. Kg3 Ke6 33. Kf4 Rc2 34. f3 Rc4 35. h5 f6 36. exf6 Kxf6 37. Rb2 Ke6 38. Rg2 Kf7 39. Ke5 Rxb4 40. Rc2 Rb5 41. Rc7+ Kg8 42. Rc5 Rb3 43. Kf4 b6 44. Rxd5 bxa5 45. Rxa5 Rb7 46. e4 Kf7 47. Ra6 Kg8 48. e5 Kh7 49. d5 Rb4+ 50. Kf5 Rb1 51. d6 1-0

[Event "Santiago Endesa 14"]
[Site "Santiago de Chile"]
[Date "2007.10.21"]
[Round "8"]
[White "Diaz Villagran, Robert"]
[Black "Henriquez, Arturo"]
[Result "1-0"]
[WhiteElo "2319"]
[BlackElo "2098"]
[PlyCount "115"]
[EventDate "2007.10.18"]
[EventType "tourn"]
[EventRounds "9"]
[EventCountry "CHI"]
[SourceTitle "EXT 2012"]
[Source "ChessBase"]
[SourceDate "2011.11.24"]
[SourceVersion "1"]
[SourceVersionDate "2011.11.24"]
[SourceQuality "1"]

1. e4 c6 2. d3 d5 3. Nd2 g6 4. Ngf3 dxe4 5. dxe4 Bg7 6. Bc4 e6 7. a4 Nf6 8. 0-0 0-0 9. Re1 Qc7 10. Qe2 b6 11. e5 Nd5 12. Nf1 Bb7 13. h4 c5 14. h5 Ne7 15. N1h2 Nbc6 16. Ng4 Nd4 17. Nxd4 cxd4 18. Bg5 Qc6 19. f3 Nf5 20. Bd3 Ng3 21. Qf2 Nxh5 22. Qxd4 Qc5 23. Qxc5 bxc5 24. a5 Rac8 25. b3 Bd5 26. Bb5 c4 27. Be7 cxb3 28. cxb3 Bxb3 29. Bxf8 Bxf8 30. Rec1 Rb8 31. Ba6 Bd5 32. Rab1 Rxb1 33. Rxb1 Kg7 34. Kh2 f5 35. Ne3 Bc6 36. Rc1 Ba4 37. g4 fxg4 38. fxg4 Nf6 39. exf6+ Kxf6 40. Bb7 Bd6+ 41. Kg2 h5 42. gxh5 gxh5 43. Bf3 Bb5 44. Bxh5 a6 45. Kf2 Bb4 46. Ra1 Bd7 47. Be2 Bc8 48. Ra4 Bd6 49. Rd4 Ke7 50. Rc4 Bb7 51. Bf3 Bxf3 52. Kxf3 Kd7 53. Ke4 Bc7 54. Ng4 Bxa5 55. Ne5+ Kd6 56. Rc6+ Ke7 57. Rxa6 Bc3 58. Ng6+ 1-0

[Event "Santiago Endesa 14"]
[Site "Santiago de Chile"]
[Date "2007.10.20"]
[Round "5"]
[White "Henriquez, Arturo"]
[Black "Bartucevic Sanchez, Diego"]
[Result "0-1"]
[WhiteElo "2098"]
[BlackElo "2083"]
[PlyCount "88"]
[EventDate "2007.10.18"]
[EventType "tourn"]
[EventRounds "9"]
[EventCountry "CHI"]
[SourceTitle "EXT 2012"]
[Source "ChessBase"]
[SourceDate "2011.11.24"]
[SourceVersion "1"]
[SourceVersionDate "2011.11.24"]
[SourceQuality "1"]

1. d4 Nf6 2. c4 g6 3. Nc3 d5 4. e3 Bg7 5. Nf3 c5 6. cxd5 Nxd5 7. Be2 Nc6 8. Qb3 Nxc3 9. bxc3 0-0 10. 0-0 b6 11. Ba3 cxd4 12. cxd4 Be6 13. Qb2 a6 14. Rac1 Bd5 15. Qb1 f5 16. Bc4 b5 17. Bxd5+ Qxd5 18. Rc5 Qd7 19. Rfc1 Rfc8 20. Qb3+ e6 21. Ng5 Nd8 22. h3 Bf6 23. Nf3 Nb7 24. R5c2 Na5 25. Rxc8+ Rxc8 26. Rxc8+ Qxc8 27. Qd3 Qc4 28. Qxc4 Nxc4 29. Bc5 Kf7 30. Kf1 Ke8 31. Ke2 Kd7 32. Kd3 Kc6 33. Kc3 Kd5 34. Kb4 Nb2 35. Ne1 e5 36. dxe5 Bxe5 37. f3 Nd1 38. Nc2 Bc3+ 39. Kb3 Kxc5 40. e4 fxe4 41. fxe4 a5 42. Na3 b4 43. Nb1 Kd4 44. a3 Kxe4 0-1

[Event "Santiago Endesa 10"]
[Site "Santiago de Chile"]
[Date "2007.07.??"]
[Round "5"]
[White "Arancibia Guzman, Eduardo"]
[Black "Henriquez, Arturo"]
[Result "1-0"]
[WhiteElo "2358"]
[BlackElo "2126"]
[PlyCount "73"]
[EventDate "2007.07.??"]
[EventType "tourn"]
[EventRounds "9"]
[EventCountry "CHI"]
[SourceTitle "EXT 2008"]
[Source "ChessBase"]
[SourceDate "2007.11.25"]
[SourceVersion "1"]
[SourceVersionDate "2007.11.25"]
[SourceQuality "1"]

1. d4 d5 2. c4 c6 3. Nc3 Nf6 4. Nf3 e6 5. Bg5 Be7 6. e3 Nbd7 7. Qc2 h6 8. Bh4 a6 9. cxd5 exd5 10. Bd3 Qa5 11. 0-0 0-0 12. Ne5 Qd8 13. f4 Nh5 14. Bf2 Nhf6 15. Rae1 c5 16. Qe2 cxd4 17. exd4 Bb4 18. Rc1 Re8 19. a3 Ba5 20. Qf3 Bxc3 21. Rxc3 Nb6 22. Bh4 Qd6 23. Bxf6 Qxf6 24. Qh5 Re7 25. Rc5 Bd7 26. g4 Bc6 27. g5 Qd6 28. Rc2 Rf8 29. Rg2 Kh8 30. Rf3 Be8 31. Rh3 f5 32. Qh4 Nc4 33. gxh6 gxh6 34. Rhg3 Qf6 35. Rg8+ Kh7 36. Bxf5+ Bg6 37. R2xg6 1-0

[Event "Santiago Endesa 10"]
[Site "Santiago de Chile"]
[Date "2007.07.??"]
[Round "2"]
[White "Henriquez, Arturo"]
[Black "Ulloa Bustos, Juan"]
[Result "0-1"]
[WhiteElo "2126"]
[BlackElo "2118"]
[PlyCount "142"]
[EventDate "2007.07.??"]
[EventType "tourn"]
[EventRounds "9"]
[EventCountry "CHI"]
[SourceTitle "EXT 2008"]
[Source "ChessBase"]
[SourceDate "2007.11.25"]
[SourceVersion "1"]
[SourceVersionDate "2007.11.25"]
[SourceQuality "1"]

1. d4 d5 2. c4 e6 3. Nc3 c5 4. cxd5 exd5 5. Nf3 Nc6 6. Bg5 f6 7. Bf4 Be6 8. e3 Bd6 9. Bxd6 Qxd6 10. dxc5 Qxc5 11. Bb5 Nge7 12. Nd4 Qd6 13. Bxc6+ bxc6 14. Nxe6 Qxe6 15. Rc1 0-0 16. Na4 Qe4 17. 0-0 Qe5 18. Qd2 Rab8 19. b3 Rfd8 20. Rfe1 Qd6 21. Qd4 a5 22. Qc5 Qc7 23. Qc3 Rb4 24. Nc5 Qe5 25. Qxe5 fxe5 26. Nd3 Rh4 27. Nxe5 Rh6 28. Rc5 Ra8 29. Rec1 Ra6 30. h3 Re6 31. Nf3 Kf8 32. Nd4 Rf6 33. f3 Ke8 34. e4 dxe4 35. fxe4 Kd7 36. g3 g6 37. Kg2 Rd6 38. R1c4 g5 39. Rxg5 Ng6 40. Rh5 Nf8 41. Kf3 Ke8 42. Ke3 Rg6 43. g4 Rd6 44. Rcc5 a4 45. Ra5 c5 46. Rhxc5 axb3 47. axb3 Rxa5 48. Rxa5 Rh6 49. Rh5 Ra6 50. h4 Ra1 51. Re5+ Kd7 52. h5 Rb1 53. Kd3 Rg1 54. Rg5 Rd1+ 55. Kc4 Rxd4+ 56. Kxd4 Ne6+ 57. Ke5 Nxg5 58. Kf5 Ne6 59. g5 Ke7 60. g6 h6 61. Ke5 Nc5 62. Kd5 Ne6 63. b4 Nf4+ 64. Kc6 Nxh5 65. Kc7 Nf6 66. b5 Nxe4 67. g7 Kf7 68. Kc6 Nd2 69. b6 Nc4 70. Kc5 Nxb6 71. Kxb6 h5 0-1

[Event "Honor Club Chile op"]
[Site "Santiago de Chile"]
[Date "2004.04.27"]
[Round "2"]
[White "Toloza Soto, Pablo Alejandro"]
[Black "Henriquez, Arturo"]
[Result "1/2-1/2"]
[WhiteElo "2347"]
[BlackElo "2130"]
[PlyCount "133"]
[EventDate "2004.04.26"]
[EventType "swiss"]
[EventRounds "7"]
[EventCountry "CHI"]
[SourceTitle "EXT 2005"]
[Source "ChessBase"]
[SourceDate "2004.11.15"]
[SourceVersion "1"]
[SourceVersionDate "2004.11.15"]
[SourceQuality "1"]

1. c4 c6 2. Nc3 d5 3. e3 Nf6 4. Nf3 Bg4 5. cxd5 Bxf3 6. Qxf3 cxd5 7. Bb5+ Nc6 8. 0-0 e6 9. d4 Rc8 10. Bd2 Be7 11. Rfc1 0-0 12. Na4 Ne4 13. Be1 a6 14. Bxc6 bxc6 15. Qe2 Qc7 16. f3 Nf6 17. Nc5 Bxc5 18. Rxc5 Qb7 19. Rac1 Nd7 20. Ra5 Ra8 21. Rc3 Rfb8 22. Rb3 Qc8 23. Rxb8 Nxb8 24. Rc5 Nd7 25. Rc3 Qb7 26. Bg3 a5 27. Qc2 Ra6 28. Bd6 g6 29. h3 Rb6 30. b3 Ra6 31. Qf2 a4 32. b4 Ra8 33. Qh4 Re8 34. a3 Kg7 35. Qg3 f6 36. Qf2 Qb5 37. Qf1 Qb7 38. Qc1 Rc8 39. e4 Nb6 40. exd5 Nxd5 41. Rc5 Qd7 42. Bg3 Ne7 43. Bf2 Ra8 44. Qc2 Qb7 45. b5 Kf8 46. bxc6 Qb3 47. Qc1 Nd5 48. c7 Rc8 49. Rc6 Qb5 50. Bg3 Ke7 51. Rc5 Qb3 52. Qh6 Qe3+ 53. Qxe3 Nxe3 54. Bh2 Nd5 55. Rc4 Kd7 56. Rxa4 Nc3 57. Rc4 Nd5 58. Kf2 Ra8 59. Ke2 Kc8 60. Rc6 Kd7 61. Rc5 Kc8 62. Kd2 Rxa3 63. Rb5 Nxc7 64. Rc5 Ra7 65. Kd3 Kd7 66. Ke4 Ne8 67. Bf4 1/2-1/2

[Event "CHI-ch"]
[Site "Santiago de Chile"]
[Date "2004.02.09"]
[Round "1.7"]
[White "Henriquez, Arturo"]
[Black "Lopez Silva, Hugo Andres"]
[Result "0-1"]
[WhiteElo "2101"]
[BlackElo "2353"]
[PlyCount "76"]
[EventDate "2004.02.09"]
[EventType "swiss"]
[EventRounds "11"]
[EventCountry "CHI"]
[SourceTitle "CBM 098 Extra"]
[Source "ChessBase"]
[SourceDate "2004.03.10"]
[SourceVersion "2"]
[SourceVersionDate "2004.03.10"]
[SourceQuality "1"]

1. d4 Nf6 2. c4 e6 3. Nc3 c5 4. dxc5 Bxc5 5. Nf3 a6 6. Bg5 Qb6 7. e3 Qxb2 8. Qc1 Ba3 9. Bxf6 Qxc1+ 10. Rxc1 Bxc1 11. Bxg7 Rg8 12. Bd4 Nc6 13. Bc5 f5 14. Kd1 Bb2 15. Na4 Bf6 16. Nb6 Rb8 17. Bd6 Kd8 18. g3 Be7 19. Bxb8 Nxb8 20. Bg2 Kc7 21. Nxc8 Rxc8 22. Kd2 Nc6 23. Rc1 Nb4 24. a3 Nc6 25. a4 Na5 26. Ke2 Kb8 27. Kd3 Nb3 28. Rb1 Nc5+ 29. Kd2 Ne4+ 30. Ke1 Rxc4 31. Ne5 Rxa4 32. Nxd7+ Kc7 33. Ne5 Bb4+ 34. Rxb4 Rxb4 35. Bxe4 Rxe4 36. Nf7 a5 37. Kd2 a4 38. f3 Rb4 0-1

[Event "CHI-ch "]
[Site "Santiago de Chile"]
[Date "2002.02.14"]
[Round "3"]
[White "Henriquez, Arturo"]
[Black "Morales Garcia, Hugo"]
[Result "1/2-1/2"]
[WhiteElo "2099"]
[BlackElo "2176"]
[PlyCount "70"]
[EventDate "2002.02.12"]
[EventType "swiss"]
[EventRounds "11"]
[EventCountry "CHI"]
[SourceTitle "CBM 086 Extra"]
[Source "ChessBase"]
[SourceDate "2002.03.14"]
[SourceVersion "1"]
[SourceVersionDate "2002.03.14"]
[SourceQuality "1"]

1. d4 Nf6 2. c4 d6 3. Nc3 e5 4. dxe5 dxe5 5. Qxd8+ Kxd8 6. Bg5 c6 7. 0-0-0+ Kc7 8. Ne4 Be7 9. Nxf6 gxf6 10. Bh4 Bf5 11. f3 Nd7 12. e4 Be6 13. Kb1 Rhd8 14. Be2 Nb6 15. b3 Rxd1+ 16. Bxd1 a5 17. Ne2 a4 18. f4 axb3 19. axb3 exf4 20. Nxf4 Bc8 21. Nh5 Nd7 22. Rf1 b5 23. cxb5 cxb5 24. Nxf6 Bb7 25. Bg3+ Kd8 26. Nxd7 Bxe4+ 27. Bc2 Bxc2+ 28. Kxc2 Kxd7 29. Rxf7 Ke6 30. Rxh7 Ra2+ 31. Kd3 Rxg2 32. Rh5 b4 33. Re5+ Kd7 34. Re2 Rg1 35. Re1 Rg2 1/2-1/2

[Event "Santiago op"]
[Site "Santiago de Chile"]
[Date "2002.??.??"]
[Round "2"]
[White "Henriquez, Arturo"]
[Black "Llorens Sepulveda, Marcelo"]
[Result "0-1"]
[WhiteElo "2148"]
[BlackElo "2317"]
[PlyCount "112"]
[EventDate "2002.04.??"]
[EventType "swiss"]
[EventRounds "9"]
[EventCountry "CHI"]
[SourceTitle "EXT 2003"]
[Source "ChessBase"]
[SourceDate "2002.11.25"]
[SourceVersion "1"]
[SourceVersionDate "2002.11.25"]
[SourceQuality "1"]

1. d4 Nf6 2. c4 c5 3. e3 g6 4. Nc3 Bg7 5. Nf3 b6 6. Bd3 0-0 7. d5 d6 8. e4 e5 9. h3 Na6 10. a3 Nc7 11. Be3 Bd7 12. Qd2 Nh5 13. Ne2 a6 14. Bg5 Qe8 15. Bh6 b5 16. Bxg7 Nxg7 17. Qh6 f6 18. b3 Rb8 19. 0-0 Qe7 20. Rab1 a5 21. Bc2 Rb6 22. Qd2 b4 23. axb4 cxb4 24. Ne1 Ra8 25. Qe3 Rb7 26. Nd3 Na6 27. f4 Nc5 28. fxe5 fxe5 29. Nxc5 dxc5 30. Nc1 a4 31. Nd3 axb3 32. Bxb3 Rc7 33. Qg3 Re8 34. Rf2 Nh5 35. Qe3 g5 36. Qd2 Ra7 37. d6 Qxd6 38. Qxg5+ Ng7 39. Rf3 Qd4+ 40. Kh2 Qxe4 41. Re1 Qg6 42. Qxg6 hxg6 43. Nxc5 Bc6 44. Rfe3 Nf5 45. Rxe5 Rxe5 46. Rxe5 Nd4 47. Re3 Ra3 48. Rd3 Ne2 49. Rd6 Be4 50. Ra6 Nc1 51. Rxa3 bxa3 52. Nxe4 Nxb3 53. Nc3 Nc1 54. c5 Kf7 55. c6 Ke7 56. Kg3 Ne2+ 0-1

[Event "Santiago op"]
[Site "Santiago de Chile"]
[Date "2002.??.??"]
[Round "9"]
[White "Quinones Mena, Jeannette"]
[Black "Henriquez, Arturo"]
[Result "1-0"]
[WhiteElo "2051"]
[BlackElo "2148"]
[PlyCount "61"]
[EventDate "2002.04.??"]
[EventType "swiss"]
[EventRounds "9"]
[EventCountry "CHI"]
[SourceTitle "EXT 2003"]
[Source "ChessBase"]
[SourceDate "2002.11.25"]
[SourceVersion "1"]
[SourceVersionDate "2002.11.25"]
[SourceQuality "1"]

1. b3 d5 2. Bb2 Nf6 3. Nf3 Bg4 4. e3 e6 5. c4 c6 6. Be2 Bd6 7. 0-0 Nbd7 8. d4 0-0 9. cxd5 cxd5 10. Nc3 a6 11. Rc1 Rc8 12. h3 Bh5 13. a3 Bb8 14. Na4 Qe7 15. Ne5 Bxe2 16. Qxe2 Qd6 17. f4 Qe7 18. Nc3 Bd6 19. Ra1 Rc7 20. e4 Rfc8 21. Nxd7 Nxe4 22. Nxe4 Rc2 23. Rac1 Rxc1 24. Rxc1 Rxc1+ 25. Bxc1 dxe4 26. Ne5 f5 27. Qc4 Bxe5 28. fxe5 Qd7 29. g4 g6 30. Bh6 Qe8 31. Qc7 1-0

[Event "Santiago Esucomex op"]
[Site "Santiago de Chile"]
[Date "1998.??.??"]
[Round "3"]
[White "Henriquez, Arturo"]
[Black "Hernandez, Juan"]
[Result "1/2-1/2"]
[WhiteElo "2005"]
[BlackElo "2215"]
[PlyCount "119"]
[EventDate "1998.??.??"]
[EventType "swiss"]
[EventRounds "9"]
[EventCountry "CHI"]
[SourceTitle "EXT 1999"]
[Source "ChessBase"]
[SourceDate "1998.11.16"]
[SourceVersion "1"]
[SourceVersionDate "1998.11.16"]
[SourceQuality "1"]

1. d4 Nf6 2. c4 c5 3. d5 b5 4. cxb5 a6 5. e3 g6 6. Nc3 Bg7 7. Nf3 0-0 8. Be2 axb5 9. Bxb5 Ba6 10. Bxa6 Rxa6 11. 0-0 d6 12. e4 Nbd7 13. Qe2 Qa8 14. Nd2 Nb6 15. Nc4 Nxc4 16. Qxc4 Rb8 17. Qe2 Nd7 18. Bf4 Rab6 19. Bc1 Qa5 20. Nd1 Qa4 21. Nc3 Qb4 22. Qc2 Ne5 23. Na4 Ra6 24. Nc3 Nc4 25. a3 Qb3 26. Qxb3 Rxb3 27. Nd1 Rab6 28. h3 Nxb2 29. Bxb2 Bxb2 30. Nxb2 Rxb2 31. f3 Ra6 32. Rf2 Rb3 33. Rfa2 Ra4 34. Kf2 f5 35. exf5 gxf5 36. Re1 Kf7 37. Rae2 Rb7 38. Kg3 Rxa3 39. Kf4 Rd3 40. Kxf5 Rxd5+ 41. Kg4 c4 42. Re4 Rc5 43. f4 c3 44. Rc1 d5 45. Rd4 Kf6 46. Kf3 e5 47. fxe5+ Kxe5 48. Ke3 Rb2 49. Rg4 h5 50. Rh4 Rxg2 51. Rxh5+ Ke6 52. Rh6+ Kf5 53. Kd4 Rc8 54. Rxc3 Rxc3 55. Kxc3 Ke5 56. Rh5+ Ke4 57. Rh4+ Kf3 58. Rd4 Rg5 59. Rd1 Ke4 60. Re1+ 1/2-1/2

[Event "Santiago op"]
[Site "Santiago de Chile"]
[Date "1997.??.??"]
[Round "5"]
[White "Henriquez, Arturo"]
[Black "Bombardiere Rosas, Eduardo"]
[Result "0-1"]
[WhiteElo "2080"]
[BlackElo "2250"]
[PlyCount "108"]
[EventDate "1997.??.??"]
[EventType "swiss"]
[EventRounds "9"]
[EventCountry "CHI"]
[SourceTitle "EXT 1998"]
[Source "ChessBase"]
[SourceDate "1997.11.17"]
[SourceVersion "1"]
[SourceVersionDate "1997.11.17"]
[SourceQuality "1"]

1. e4 c6 2. d4 d5 3. e5 Bf5 4. Ne2 e6 5. Ng3 Bg6 6. h4 h6 7. h5 Bh7 8. Bd3 Bxd3 9. Qxd3 Be7 10. Nd2 Qa5 11. c3 Qa6 12. Qxa6 Nxa6 13. Nf3 c5 14. Bd2 Rc8 15. 0-0 cxd4 16. cxd4 Bb4 17. Rac1 Ne7 18. Rxc8+ Nxc8 19. Rc1 Kd7 20. a3 Be7 21. Ba5 Bg5 22. Rc2 Ne7 23. Bd2 Bxd2 24. Nxd2 Nc6 25. Ne2 Rc8 26. Nb3 b6 27. f3 Nc7 28. Kf2 Nb5 29. Ke3 a5 30. Kd3 a4 31. Nd2 Ra8 32. Nf1 Rd8 33. Nd2 Nc7 34. g4 b5 35. Nb1 b4 36. Kd2 Nb5 37. Ke3 Rb8 38. axb4 Nxb4 39. Rd2 Nc6 40. Nbc3 Nxc3 41. bxc3 Na5 42. Ra2 a3 43. Kd3 Nc4 44. Kc2 Kc6 45. Nc1 f6 46. exf6 gxf6 47. Nd3 e5 48. Nc5 exd4 49. cxd4 Re8 50. Nd3 Kd6 51. Kd1 Re3 52. Ne1 Kc6 53. Re2 Rb3 54. Ra2 Rb1+ 0-1